"Ballag már a vén diák..."

Elmentve itt :
Bibliográfiai részletek
Dokumentumtípus: Cikk
Megjelent: 1973
Sorozat:Szegedi Egyetem 11 No. 8
Kulcsszavak:Végzős hallgatók, Ballagás
Online Access:http://univ.bibl.u-szeged.hu/887
LEADER 00566nab a2200181 i 4500
001 univ887
005 20241111143955.0
008 180104s1973 hu o 000 hun d
022 |a 0230-791X 
040 |a SZTE UnivHistória Repozitórium  |b hun 
041 |a hun 
245 0 0 |a "Ballag már a vén diák..."  |h [elektronikus dokumentum] 
260 |c 1973 
300 |a 5 
490 0 |a Szegedi Egyetem  |v 11 No. 8 
561 |a Egyetemi, hallgatói élet 
695 |a Végzős hallgatók, Ballagás 
856 4 0 |u http://univ.bibl.u-szeged.hu/887/2/sze_1973_008_005.pdf  |z Dokumentum-elérés